[Event "Helsingor Xtracon op"]
[Site "Helsingor"]
[Date "2018.07.27"]
[Round "8"]
[White "Kallenbach, Olav"]
[Black "Tonnesen, Jan Ryder"]
[Result "1-0"]
[WhiteElo "1838"]
[BlackElo "1604"]
[PlyCount "39"]
[EventDate "2018.07.21"]
[EventType "swiss"]
[EventRounds "10"]
[EventCountry "DEN"]
[SourceTitle "CBM 185 Extra"]
[Source "ChessBase"]
[SourceDate "2018.07.29"]
[SourceVersion "1"]
[SourceVersionDate "2018.07.29"]
[SourceQuality "1"]

1. e4 c5 2. Nf3 Nc6 3. d4 cxd4 4. Nxd4 Nxd4 5. Qxd4 e6 6. Nc3 a6 7. Bf4 d6 8. 0-0-0 Nf6 9. e5 Nh5 10. Be3 g6 11. g4 Ng7 12. exd6 f6 13. f4 Bd7 14. Bg2 Rb8 15. Rhe1 h5 16. g5 Kf7 17. Ne4 f5 18. Nf6 Bc6 19. Bxc6 bxc6 20. Qa7+ 1-0

[Event "Helsingor Xtracon op"]
[Site "Helsingor"]
[Date "2017.07.29"]
[Round "9"]
[White "Winther, Bjarke Rosenborg"]
[Black "Tonnesen, Jan Ryder"]
[Result "1/2-1/2"]
[WhiteElo "1741"]
[BlackElo "1575"]
[PlyCount "66"]
[EventDate "2017.07.22"]
[EventType "swiss"]
[EventRounds "10"]
[EventCountry "DEN"]
[SourceTitle "CBM 179 Extra"]
[Source "ChessBase"]
[SourceDate "2017.08.23"]
[SourceVersion "1"]
[SourceVersionDate "2017.08.23"]
[SourceQuality "1"]

1. e4 e5 2. Nf3 Nc6 3. Bc4 Nf6 4. Ng5 d5 5. exd5 Na5 6. Bb5+ c6 7. dxc6 Nxc6 8. Bc4 Bg4 9. Be2 Bxe2 10. Qxe2 Qd5 11. Nf3 Bc5 12. Nc3 Qe6 13. 0-0 0-0 14. d3 Rfe8 15. Be3 Bxe3 16. Qxe3 a6 17. Rfe1 Qd6 18. a3 Nd4 19. Rac1 Ng4 20. Qg5 Nxf3+ 21. gxf3 Nh6 22. Ne4 Qc6 23. Kf1 Re6 24. Ke2 Qc7 25. Rg1 Rg6 26. Qd2 Qb6 27. Qc3 Nf5 28. Rxg6 Nd4+ 29. Kf1 Qxg6 30. Ng3 Nxf3 31. Kg2 Nh4+ 32. Kh1 Nf3 33. Kg2 Nh4+ 1/2-1/2

[Event "Helsingor Xtracon op"]
[Site "Helsingor"]
[Date "2017.07.27"]
[Round "7"]
[White "Rendlev, Niels Moller"]
[Black "Tonnesen, Jan Ryder"]
[Result "1-0"]
[WhiteElo "1756"]
[BlackElo "1575"]
[PlyCount "43"]
[EventDate "2017.07.22"]
[EventType "swiss"]
[EventRounds "10"]
[EventCountry "DEN"]
[SourceTitle "CBM 179 Extra"]
[Source "ChessBase"]
[SourceDate "2017.08.23"]
[SourceVersion "1"]
[SourceVersionDate "2017.08.23"]
[SourceQuality "1"]

1. g3 e5 2. c4 Nf6 3. Bg2 Bc5 4. e3 Nc6 5. Nc3 0-0 6. a3 a5 7. Nf3 d5 8. cxd5 Nxd5 9. Ne4 Ba7 10. 0-0 f5 11. Nc3 Nxc3 12. bxc3 e4 13. Nd4 Nxd4 14. cxd4 c5 15. Qb3+ Kh8 16. d5 Qd6 17. d3 exd3 18. Qxd3 Bd7 19. Bb2 b5 20. Qc3 Rf7 21. Qxa5 Bb6 22. Qxa8+ 1-0